Przetłumacz imię z włoskiego na polski - Statystyki

Ogólne statystyki
  • Ten quiz został rozwiązany 7 722 razy
  • Średni wynik to 18 z 22
Statystyki odpowiedzi
Włoski Polski % Poprawnych
Alessandro Aleksander
99%
Pietro Piotr
99%
Stefano Stefan
97%
Arturo Artur
96%
Maria Maria
96%
Domenico Dominik
95%
Vittoria Wiktoria
95%
Carlo Karol
94%
Patrizio Patryk
94%
Francesco Franciszek
92%
Riccardo Ryszard
92%
Edoardo Edward
91%
Simeone Szymon
90%
Giulia Julia
89%
Lucia Łucja
85%
Uberto Hubert
76%
Margherita Małgorzata
68%
Enrico Henryk
62%
Giovanni Jan
46%
Giorgio Jerzy
43%
Luigi Ludwik
34%
Giacomo Jakub
28%
Nie znaleziono quizów pasujących do podanych kryteriów
Rozkład punktacji
Procent ludzi z każdym wynikiem
Percentyl według liczby udzielonych odpowiedzi
Twoja historia wyników
Nie rozwiązałeś tego quizu